Κατάλογος Βιβλιοθηκών Mediterranean College

How to get an MBA (Record no. 5098)

MARC details
000 -LEADER
fixed length control field 01345cam a22002054a 4500
005 - ΗΜΕΡΟΜΗΝΙΑ ΚΑΙ ΩΡΑ ΤΕΛΕΥΤΑΙΑΣ ΕΝΗΜΕΡΩΣΗΣ
Πεδίο ελέγχου 20250605164204.0
008 - FIXED-LENGTH DATA ELEMENTS--GENERAL INFORMATION
Πεδίο ελέγχου σταθερού μήκους 250528s ||||||||||||||||||||||||d
035 ## - SYSTEM CONTROL NUMBER
System control number 19852
020 ## - ISBN
ISBN 415228174
040 ## - ΠΗΓΗ ΚΑΤΑΛΟΓΟΓΡΑΦΗΣΗΣ
Φορέας πρωτότυπης καταλογογράφησης MC Athens Campus Library
Γλώσσα καταλογογράφησης Ελληνικά, Μοντέρνα (1453-)
Modifying agency MC Athens Campus Library
Κανόνες περιγραφικής καταλογογράφησης AACR2
245 1# - ΤΙΤΛΟΣ ΚΑΙ ΔΗΛΩΣΗ ΥΠΕΥΘΥΝΟΤΗΤΑΣ
Τίτλος How to get an MBA
250 ## - EDITION STATEMENT
Edition statement 1st
260 ## - PUBLICATION, DISTRIBUTION, ETC.
Name of publisher, distributor, etc. Routledge - Taylor & Francis Group,
Date of publication, distribution, etc. 2000
300 ## - PHYSICAL DESCRIPTION
Extent 194
520 ## - SUMMARY, ETC.
Summary, etc. A short study guide for prospective MBA students wanting to know more about what is involved, for students in a new intake at a business school and for those seeking to prepare themselves for the experience to come. Acknowledgements, Introduction, Learning How to Learn, Doing the Groundwork: Getting Started on the MBA, Courses: The First Channel of Knowledge Acquisition, Case Studies: Exercises in Management Skills, Working in Teams: Creating Value from Synergy, Written Communication: Who Writes and Wins, Working in the Classroom: Managing Presentations and Discussions, Research: Generating and Creating Knowledge, Projects: Working in the Real World, Networking: Creating Value Out of Harmony, Exchange Programs, Getting a Job: Recruitment During and After the Program, The MBA and Lifelong Learning, Conclusion: Broad Vision and Sharp Focus, Index.
700 1# - ΠΡΟΣΘΕΤΗ ΑΝΑΓΡΑΦΗ--ΦΥΣΙΚΟ ΠΡΟΣΩΠΟ
Personal name Witzel Morgen
9 (RLIN) 6017
942 ## - ADDED ENTRY ELEMENTS (KOHA)
Koha item type Books
Holdings
Τύπος τεκμηρίου Βιβλιοθήκη Τρέχουσα τοποθεσία Barcode Αριθμός εισαγωγής Ημερομηνία απόκτησης Ταξιθετικό σύμβολο Αριθμός αντιτύπου Κατάσταση απόσυρσης Κατάσταση χαμένου Κατάσταση κατεστραμμένου Μη δανεισμός Σύνολο δανεισμών Ημερομηνία τελευταίας εμφάνισης Η τιμή ισχύει από
Books MC Athens Campus Library MC Athens Campus Library 9780000050977 5956 05/06/2025 650/.071/173 WIT 1           05/06/2025 05/06/2025

MC Athens Campus Library
Πατησίων 94 & Κοδριγκτώνος 13, 104 34
Πελλήνης 8 & Πατησίων 107, 112 51
Τ: +30 210 8899600

MC Thessaloniki Campus Library
Ίωνος Δραγούμη 21, 54625 | Ίωνος Δραγούμη 15, 54625
Τ: +30 2310 287779 – Τ: +30 2314 440300